000 00457nam a2200205Ia 4500
001 14245
003 GE_BSU
008 181216s||||||||xx |||||||||||||| ||und||
020 _a1854875841
040 _cGE_BSU
080 _a821.111-31
100 _aSaylor,Steven
245 4 _aThe venus throw.A mystery of Ancient Rome
260 _aLondon
260 _bRobinson
260 _c1995
300 _a368p.20cm.
653 _aThe venus throw
942 _cBK
999 _c47383
_d47383